Clipper 5.2: guía avanzada para el programador

Salvato in:
Dettagli Bibliografici
Autore principale: Spence, Rick (Autore)
Natura: Libro
Lingua:spagnolo
Pubblicazione: Wilmington Addison-Wesley Iberoamericana 1994
Soggetti:
Tags: Aggiungi Tag
Nessun Tag, puoi essere il primo ad aggiungerne!!

MARC

LEADER 00000nam a2200000 a 4500
001 UCZ2288
003 CL-VaPUC
008 950928e19940000US |||||||||||||||||spa|d
082 0 4 |a 005.453  |b SPE  |2 21 
100 0 |a Spence, Rick  |e author  |9 483331 
245 1 0 |a Clipper 5.2: guía avanzada para el programador 
300 |a 782 p 
942 |c BK 
945 |d 19950928 00:00:00  |a awong 
260 |a Wilmington  |b Addison-Wesley Iberoamericana  |c 1994 
500 |a Libro sin diskette 
650 7 |a CLIPPER PROGRAMA PARA COMPUTADOR  |2 CL-VaPUC  |9 262462 
650 7 |a PROGRAMAS PARA COMPUTADOR  |2 CL-VaPUC  |9 483332 
583 |a last modification  |c 19950928 00:00:00  |k Rodrigo Vera 
999 |c 308108  |d 308106 
952 |0 0  |1 0  |4 0  |6 005_453000000000000_SPE_1994  |7 0  |8 A  |9 374379  |a BIBING  |b BIBING  |d 2019-11-21  |i 3137848  |o 005.453 SPE 1994  |p 3137848  |r 2025-01-20  |w 2019-11-21  |y BK  |k CCI